The red and the black a chronicle of the nireteeth contury

שמור ב:
מידע ביבליוגרפי
פורמט: ספר
תגים: הוספת תג
אין תגיות, היה/י הראשונ/ה לתייג את הרשומה!
Thư viện lưu trữ: Mạng thư viện Đại học Đà Nẵng
LEADER 00445nam a22001691a 4500
001 000040603
003 16898
005 20160412023241.0
008 160412s0 000
082 |a A23138 
245 |a The red and the black a chronicle of the nireteeth contury  |c Catherine Slater 
OWN |a LNN 
999 |a From the UDN01 
TYP |a Monograph 
980 |a Mạng thư viện Đại học Đà Nẵng